Data and the aggregate economy (Record no. 527453)

000 -LEADER
fixed length control field 01155nam a22001457a 4500
008 - FIXED-LENGTH DATA ELEMENTS--GENERAL INFORMATION
fixed length control field 240830b ||||| |||| 00| 0 eng d
100 ## - MAIN ENTRY--PERSONAL NAME
Personal name Veldkamp, Laura and Chung, Cindy
245 ## - TITLE STATEMENT
Title Data and the aggregate economy
260 ## - PUBLICATION, DISTRIBUTION, ETC. (IMPRINT)
Place of publication, distribution, etc Journal of Economic Literature
300 ## - PHYSICAL DESCRIPTION
Extent 62(2), Jun, 2024: p.458-484
520 ## - SUMMARY, ETC.
Summary, etc Recent data technology innovations, such as artificial intelligence and machine learning, have transformed the production of knowledge and increased the importance of data. This review explores how data—digitized information—has been modeled within classic macroeconomic frameworks. It compares the economics of data to other concepts such as ideas, patents, and learning-by-doing. This paper also shows potential ways to model applications for data, including innovation, process optimization, and matching. Because this research area is nascent, much of the article is devoted to open questions and directions for future data economy research.- Reproduced

https://www.aeaweb.org/articles?id=10.1257/jel.20221580
773 ## - HOST ITEM ENTRY
Main entry heading Journal of Economic Literature
906 ## - LOCAL DATA ELEMENT F, LDF (RLIN)
Subject DIP INFORMATION TECHNOLOGY
942 ## - ADDED ENTRY ELEMENTS (KOHA)
Item type Articles
Holdings
Withdrawn status Lost status Source of classification or shelving scheme Damaged status Not for loan Permanent location Current location Date acquired Serial Enumeration / chronology Barcode Date last seen Koha item type
          Indian Institute of Public Administration Indian Institute of Public Administration 2024-08-30 62(2), Jun, 2024: p.458-484 AR132894 2024-08-30 Articles

Powered by Koha